|
|
|
|
| LEADER |
00000cam a2200000 7i4500 |
| 001 |
0000093106 |
| 005 |
20231106093430.0 |
| 008 |
231106 eng |
| 020 |
|
|
|a 9781465461216 (
|q (hardback))
|
| 040 |
|
|
|e rda
|
| 041 |
|
|
|a English
|
| 090 |
0 |
0 |
|a 507.8
|b MOU
|
| 100 |
1 |
|
|a Mould, Steve ,
|e (author)
|
| 245 |
1 |
0 |
|a How to be a scientist
|c Steve Mould
|
| 264 |
|
1 |
|a New York :
|b DK Publishinhgh
|c 2017
|
| 300 |
|
|
|a 144 pages :
|b color illustrations ;
|c 28 cm.
|
| 336 |
|
|
|a text
|2 rdacontent
|
| 337 |
|
|
|a unmediated
|2 rdamedia
|
| 338 |
|
|
|a volume
|2 rdacarrier
|
| 541 |
|
|
|c Purchased on 2023
|f 083/23 IMS
|h RM99.95
|
| 650 |
|
0 |
|a Science
|x Experiments
|
| 650 |
|
0 |
|a Scientist
|
| 730 |
0 |
|
|a Title
|
| 999 |
|
|
|a 0001743824
|b Book
|c Adult Collection
|e Perbadanan Perpustakaan Awam Johor
|
| 999 |
|
|
|a 0001743825
|b Book
|c Adult Collection
|e Cawangan AEON Kulaijaya
|
| 999 |
|
|
|a 0001743826
|b Book
|c Adult Collection
|e Cawangan Urban Transformation Centre
|
| 999 |
|
|
|a 0001743827
|b Book
|c Adult Collection
|e Cawangan Kota Tinggi
|
| 999 |
|
|
|a 0001743828
|b Book
|c Adult Collection
|e Cawangan Tmn. Ungku Tun Aminah
|
| 999 |
|
|
|a 0001743829
|b Book
|c Adult Collection
|e Cawangan Bukit Gambir
|
| 999 |
|
|
|a 0001743830
|b Book
|c Adult Collection
|e Cawangan Bandar Penawar
|
| 999 |
|
|
|a 0001743831
|b Book
|c Adult Collection
|e Cawangan Muar
|
| 999 |
|
|
|a 0001743832
|b Book
|c Adult Collection
|e Cawangan Mersing
|
| 999 |
|
|
|a 0001743833
|b Book
|c Adult Collection
|e Cawangan Taman Sri Lambak
|
| 999 |
|
|
|a 0001743834
|b Book
|c Adult Collection
|e Cawangan Bandar Tenggara
|
| 999 |
|
|
|a 0001743835
|b Book
|c Adult Collection
|e Cawangan Pontian
|
| 999 |
|
|
|a 0001743836
|b Book
|c Adult Collection
|e Perbadanan Perpustakaan Awam Johor
|
| 999 |
|
|
|a 0001743837
|b Book
|c Adult Collection
|e Cawangan Batu Pahat
|
| 999 |
|
|
|a 0001743838
|b Book
|c Adult Collection
|e Cawangan Tangkak
|
| 999 |
|
|
|a 0001743839
|b Book
|c Adult Collection
|e Cawangan Segamat
|